000 00978nam a2200301Ia 4500
003 GCL
008 140319s9999 xx 000 0 ara d
040 _aGCL /
_cGCL
082 0 4 _aم
_b103
_bم ف
100 1 _aمصطفى غالب
245 1 0 _aهيجل /
_cمصطفى غالب
700 1 _aخليل شرف الدين
260 _a[S.N] :
_bدار مكتبة الهلال للطباعة والنشر ،
_c1979
300 _aمتعدد
490 _aسلسلة النصوص الفلسفية
_v0
650 0 4 _aالفلسفة الاسلامية
650 0 4 _aالفلسفة
650 0 4 _aهيجل
650 0 4 _aالفلاسفة المسلمون
650 0 4 _aالفلسفة الغربية
650 0 4 _aابوالعلاء المعرى
650 0 4 _aافلاطون
650 0 4 _aالفلاسفة الغربيون
650 0 4 _aراسل، برتراند
650 0 4 _aفيثاغورس
650 0 4 _aالفلاسفة اليونانيون
942 _2ddc
_cREF
999 _c59439
_d59439